|
|
|
|
| LEADER |
00000nam0a2200000 4500 |
| 001 |
266698 |
| 005 |
20231101234026.0 |
| 020 |
|
|
|a RU
|b 86-53669
|
| 035 |
|
|
|a (RuTPU)RU\TPU\book\289718
|
| 090 |
|
|
|a 266698
|
| 100 |
|
|
|a 20140714d1986 k y0rusy5003 ca
|
| 101 |
0 |
|
|a rus
|
| 102 |
|
|
|a UA
|
| 105 |
|
|
|a y z 001zy
|
| 200 |
1 |
|
|a Развитие исторической науки в Академии наук Украинской ССР, 1936-1986 гг.
|f А. В. Санцевич, Н. В. Комаренко
|g Академия наук Украинской ССР (АН УССР), Институт истории ; под ред. Ю. Ю. Кондуфора
|
| 210 |
|
|
|a Киев
|c Наукова думка
|d 1986
|
| 215 |
|
|
|a 206 с.
|d 21 см
|
| 320 |
|
|
|a Указ. имен. и назв. коллективных трудов, сборников статей, документов и материалов : с. 199-207.
|
| 606 |
1 |
|
|a Историография на Украине
|2 stltpush
|3 (RuTPU)RU\TPU\subj\52383
|9 70859
|
| 610 |
1 |
|
|a Украинская ССР
|
| 610 |
1 |
|
|a историческая наука
|
| 610 |
1 |
|
|a исторические институты
|
| 610 |
1 |
|
|a ученые
|
| 610 |
1 |
|
|a научные направления
|
| 610 |
1 |
|
|a исследования
|
| 686 |
|
|
|a Т1(0)
|v LBC/SL-A
|2 rubbk
|
| 700 |
|
1 |
|a Санцевич
|b А. В.
|g Анатолий Васильевич
|4 070
|
| 701 |
|
1 |
|a Комаренко
|b Н. В.
|g Наина Васильевна
|4 070
|
| 702 |
|
1 |
|a Кондуфор
|b Ю. Ю.
|4 340
|
| 712 |
0 |
2 |
|a Академия наук Украинской ССР (АН УССР)
|b Институт истории
|c (Киев)
|2 stltpush
|3 (RuTPU)RU\TPU\col\18343
|
| 801 |
|
0 |
|a RU
|b RuMRKP
|c 19950704
|g psbo
|
| 801 |
|
1 |
|a RU
|b 63413507
|c 20140714
|
| 801 |
|
2 |
|a RU
|b 63413507
|c 20220929
|g RCR
|
| 942 |
|
|
|c BK
|